000 00772nam a2200205Ia 4500
003 GCL
008 140319s9999 xx 000 0 ara d
020 _a9139417977
040 _aGCL /
_cGCL
082 0 4 _a778.5
_bع أ
100 1 _aعصام انيس عبد الحميد زكى
245 1 0 _aاسس التكنيك الفنى للتصوير التليفزيونى والاضاءة /
_cعصام انيس عبد الحميد زكى
250 _aالاولى
260 _aالقاهرة :
_bدار الكتب العلمية للنشر والتوزيع ،
_c2004
300 _a266ص ؛
_c24سم
650 0 4 _aالتصوير التليفزيونى
650 0 4 _aالات التصوير السينمائى
650 0 4 _aالتصوير - اضاءة
942 _2ddc
_cBK
999 _c51477
_d51477